En torno al uso de los modelos en las ciencias y en particular en la ciencia económica (Registro nro. 24631)

Detalles MARC
000 -LEADER
fixed length control field 00365 a2200109 4500
001 - CONTROL NUMBER
control field ART_9914
005 - DATE AND TIME OF LATEST TRANSACTION
control field 20260410161847.0
008 - FIXED-LENGTH DATA ELEMENTS--GENERAL INFORMATION
fixed length control field 260409a
100 1# - MAIN ENTRY--PERSONAL NAME
Personal name Gini, Corrado
245 10 - TITLE STATEMENT
Title En torno al uso de los modelos en las ciencias y en particular en la ciencia económica
773 0# - HOST ITEM ENTRY
Title Económica
Related parts - Año II, Nº 7/8 (ene./jul. 1956)
Record control number REV7541

No hay ítems disponibles.